000 00753nam a2200217 4500
001 111912
003 ES-MaACL
005 20230906185402.0
007 t|
008 061121s1983 mx r ||||1| spa d
100 1 _aNewman, Barbara M.
_985488
245 1 0 _aDesarrollo del niño /
_cBarbara M. Newman, Philip R. Newman; versión Xavier Massimi Villela; revisión Rosario Román Pérez, María Elena Ortiz Salinas.
250 _a[1ª ed.].
260 _aMéxico :
_bLimusa,
_c1983.
300 _a574 p. :
_bil. ;
_c25 cm.
700 1 _aNewman, Philip R.
_985499
700 1 _aMassimi Villela, Xavier.
_978821
700 1 _aRomán Pérez, Rosario.
_999231
700 1 _aOrtiz Salinas, María Elena.
_987646
852 _aES-MaACL
_jL-9206
_bR.111050
999 _c111912
_d111912